000 00320nam a2200121Ia 4500
008 190216s9999||||xx |||||||||||||| ||und||
100 _aShubha Mitter & Aggarwal Sc
245 0 _aGuide To Careers For Commerce Graduates
260 _bSulthan Chand&Sons
_c1985
300 _a178p
650 _aCommerce
942 _cREF
999 _c35750
_d35750